000 00697nam a2200289Ia 4500
005 20260324123926.0
008 008 260324s9999 xx 000 0 eng d
020 _a9781315593791
037 _aEBOOK
040 _aCRL
040 _beng
040 _cCRL
041 _2eng
041 _aeng
084 _qCRL
100 _aSébastien Peyrouse; Marlène Laruelle
_91172180
245 0 _aMapping Central Asia
245 0 _bIndian Perceptions and Strategies
260 _bTaylor and Francis
260 _c2011
365 _a
365 _b240
856 _uhttp://www.taylorfrancis.com/books/9781315593791
942 _cEBOOK
999 _c1766111
_d1766111